| 000 | 00697nam a2200217 a 4500 | ||
|---|---|---|---|
| 999 |
_c5465 _d5465 |
||
| 001 | 5465 | ||
| 003 | BD-JhCC | ||
| 005 | 20171214190739.0 | ||
| 008 | 171214s1976 bg ||||| |||| 00| 0 ben d | ||
| 035 | _a(BD-JhCC)5465 | ||
| 040 |
_aBD-JhCC _dBD-JhCC |
||
| 041 | _aben | ||
| 082 |
_a610 _bAHM 1976 |
||
| 100 | _aআহমেদ, ডঃ ভি, ইউ | ||
| 245 |
_aআধুনিক ফাষ্ট এড্ ও সহজ ডাক্তারী শিক্ষা / _c ডঃ ভি, ইউ আহমেদ |
||
| 260 |
_aবগুড়া : _bপপি পাবলিকেশন, _c1976. |
||
| 300 |
_a144 p. : _c22 cm. |
||
| 650 | _aMedical Science | ||
| 942 |
_2ddc _cBK |
||